000 00487nam a2200145Ia 4500
008 231221s9999 xx 000 0 und d
020 _a978-1-60327-140-0
041 _aEnglish
100 _aLawrence K. Wang, Volodymyr Ivanov, Joo-Hwa Tay
245 0 _aEnvironmental Biotechnology
260 _c2010
_bHumana Press
_aNew York
440 _aHandbook of Environmental Engineering
650 _aBiotechnology; Environment, general; Environmental Engineering/Biotechnology
942 _cEB
999 _c227134
_d227134